Loading...
Engineering problem solving with MATLAB
| Main Author: | |
|---|---|
| Format: | Printed Book |
| Published: |
New Jersey
Prentice Hall
1993
|
| Edition: | 2 |
| Series: | MATLAB Curriculum series.7
|
| LEADER | 00450nam a22001337a 4500 | ||
|---|---|---|---|
| 082 | |a 620.00285 |b ETT.E | ||
| 100 | |a Etter, Delores M | ||
| 245 | |a Engineering problem solving with MATLAB | ||
| 250 | |a 2 | ||
| 260 | |a New Jersey |b Prentice Hall |c 1993 | ||
| 490 | |a MATLAB Curriculum series.7 | ||
| 942 | |c BK | ||
| 999 | |c 15479 |d 15479 | ||
| 952 | |0 0 |1 0 |4 0 |6 620_002850000000000_ETT_E |7 0 |9 17783 |a CAMPUS |b CAMPUS |d 2017-08-19 |l 0 |o 620.00285 ETT.E |p 07322 |r 2017-08-19 |w 2017-08-19 |y BK | ||